| Tag |
First Indicator |
Second Indicator |
Subfields |
| LEADER |
00000pam a2200000 a 4500 |
| 001 |
in00000330813 |
| 005 |
20151011053543.0 |
| 008 |
820916s1982 sz a 00 00 ger |
| 010 |
|
|
|a 82017877
|
| 020 |
|
|
|a 3764313579
|
| 035 |
|
|
|a (OCoLC)08827117
|
| 035 |
|
|
|9 ABL7581AM
|
| 039 |
0 |
|
|a 2
|b 3
|c 3
|d 3
|e 3
|
| 040 |
|
|
|a DLC
|c DLC
|d TXA
|d UtOrBLW
|
| 041 |
0 |
|
|a ger
|a eng
|
| 049 |
|
|
|a TXAM
|c [1118230]
|
| 050 |
0 |
0 |
|a NK2715
|b K62 1982
|
| 082 |
0 |
|
|a 749/.32
|2 19
|
| 245 |
0 |
0 |
|a Klappstuhle :
|b eine Darstellung der Meisterklasse fur Innenarchitektur und Industrieentwurf Prof. Johannes Spalt, der Hochschule fur Angewandte Kunst in Wien /
|c herausgegeben von Werner Blaser = Folding chairs : a presentation by the master class for interior architecture and industrial design of Prof. Johannes Spalt, University of Applied Arts in Vienna / edited by Werner Blaser ; [English version, D.Q. Stepenson].
|
| 246 |
3 |
1 |
|a Folding chairs
|
| 264 |
|
1 |
|a Basel ;
|a Boston :
|b Birkhauser,
|c [1982]
|
| 264 |
|
4 |
|c ©1982
|
| 300 |
|
|
|a 96 pages :
|b illustrations ;
|c 21 cm.
|
| 336 |
|
|
|a text
|b txt
|2 rdacontent
|
| 337 |
|
|
|a unmediated
|b n
|2 rdamedia
|
| 338 |
|
|
|a volume
|b nc
|2 rdacarrier
|
| 650 |
|
0 |
|a Folding chairs.
|
| 650 |
|
0 |
|a Chair design.
|
| 700 |
1 |
|
|a Spalt, Johannes.
|
| 700 |
1 |
|
|a Blaser, Werner,
|d 1924-
|
| 710 |
2 |
|
|a Hochschule für Angewandte Kunst (Vienna, Austria)
|
| 740 |
0 |
|
|a Folding chairs.
|
| 999 |
|
|
|a MARS
|
| 999 |
f |
f |
|s 8054ffc1-91f9-36f4-9652-950bb785efa7
|i 1070b7d3-07bb-3c72-a9ed-8712e125a1d8
|t 0
|
| 952 |
f |
f |
|p normal
|a Texas A&M University
|b College Station
|c Sterling C. Evans Library
|d Evans: Library Stacks
|t 0
|e NK2715 K62 1982
|h Library of Congress classification
|i unmediated -- volume
|m A14807286395
|
| 998 |
f |
f |
|a NK2715 K62 1982
|t 0
|l Evans: Library Stacks
|